| 000 | 00938 a2200217 4500 | ||
|---|---|---|---|
| 001 | 46308 | ||
| 005 | 20260407155735.0 | ||
| 008 | 260407a1970 arg spa d | ||
| 003 | AR-UNSa-BCEJYS | ||
| 040 |
_aAR-UNSa-BCEJYS _bspa _cAR-UNSa-BCEJYS |
||
| 080 |
_a330.43 _xEconometría |
||
| 245 | 1 | 0 | _aTeoría econométrica |
| 264 | 1 |
_aMadrid : _bTecnos _c1970 |
|
| 300 |
_a414 p. _c24 cm. |
||
| 505 | _a1. Introducción – 2. Conceptos básicos del álgebra matricial – 3. Conceptos básicos de las inferencia estadística – 4. Regresión lineal clásica – 5. Ampliaciones de la regresión lineal – 6. Regresión lineal con regresores estocásticos – 7. Sistemas de relaciones lineales simultáneas. | ||
| 041 | _aspa | ||
| 942 | _cBK | ||
| 590 | _aniveau_biblio:m niveau_hierar:0 | ||
| 100 | 1 | _aGoldberger, Arthur S. | |
| 856 | 4 | 1 |
_uhttps://www.biblioeco.unsa.edu.ar/pmb/images/libros/L128290.jpg _yImagen de portada _qimage/jpeg |
| 999 |
_c4180 _d4180 |
||